书目信息 |
| 题名: |
九一八事变图片集
|
|
| 作者: | 沈伟一 , 王庆丰 , 王守勋 主编 | |
| 分册: | ||
| 出版信息: | 北京 对外贸易教育出版社 1987 |
|
| 页数: | 1册 | |
| 开本: | 26cm | |
| 丛书名: | ||
| 单 册: | ||
| 中图分类: | K264.2 | |
| 科图分类: | ||
| 主题词: | 九·一八事变(1931)--中国--图集 | |
| 电子资源: | ||
| ISBN: | ||
| 000 | 00711nam0 2200253 45 | |
| 001 | 0187008638 | |
| 005 | 20061116162813.68 | |
| 010 | @dCNY10.00 | |
| 091 | @aCN@b11321.02 | |
| 100 | @a19900830d1987 em y0chiy0121 ea | |
| 101 | 0 | @achi |
| 102 | @aCN@b110000 | |
| 105 | @aa z 000yy | |
| 200 | 10 | @a九一八事变图片集@Ajiu yi ba shi bian tu pian ji@f沈伟一等主编 |
| 210 | @a北京@c对外贸易教育出版社@d1987 | |
| 215 | @a1册@d26cm | |
| 606 | @a九·一八事变(1931)@y中国@x图集 | |
| 690 | @aK264.2@v3 | |
| 701 | 0 | @a沈伟一@Ashen wei yi@4主编 |
| 701 | 0 | @a王庆丰@Awang qing feng@4主编 |
| 701 | 0 | @a王守勋@Awang shou xun@4主编 |
| 801 | 2 | @aCN@bNLC@c20061116 |
| 801 | 0 | @aCN@bTSSF |
| 905 | @a10447@dK264.2@e32 | |
| 九一八事变图片集/沈伟一等主编.-北京:对外贸易教育出版社,1987 |
| 1册;26cm |
| ISBN :CNY10.00 |
| ● |
| 相关链接 |
|
|
|
|
正题名:九一八事变图片集
索取号:K264.2/32
 
预约/预借
| 序号 | 登录号 | 条形码 | 馆藏地/架位号 | 状态 | 备注 |
| 1 | 0210737 | 001472597 | 第二样本阅览室/ [索取号:K264.2/32] | 在馆 |